| 000 | 01073nas a2200349 4500 | ||
|---|---|---|---|
| 001 | BR0703306 | ||
| 003 | BR-BrBNA | ||
| 005 | 20231205110847.0 | ||
| 007 | ta | ||
| 008 | 230509b bl.|||p| |||| 00| 00por d | ||
| 040 |
_aBR-BrBNA _bpor _cBiblioteca Nacional de Agricultura |
||
| 041 | _a(Pt) | ||
| 072 | _aL51 | ||
| 100 | 1 | _aFukumoto, N.M. | |
| 100 | 1 | _aDamasceno, J.C. | |
| 100 | 1 | _aCôrtes, C. | |
| 100 | 1 | _aPaine, R.C. | |
| 100 | 1 | _aQueiroz, M.F.S. | |
| 100 | 1 | _aSantos, G.T. dos | |
| 100 | 1 | _aMatsushita, M. | |
| 245 | 1 | _aConsumo e digestibilidade da matéria seca de fenos de braquiária decumbens e amendoim forrageiro em ovinos estimados por meio de n-alcanos | |
| 650 | _aOVINO | ||
| 650 | _aBRACHIÁRIA DECUMBENS | ||
| 650 | _aFENO | ||
| 650 | _aMATÉRIA SECA | ||
| 650 | _aDIGESTIBILIDADE APARENTE | ||
| 650 | _aCONSUMO | ||
| 650 | _aESTIMATIVA | ||
| 773 | 0 |
_tRevista Brasileira de Zootecnia (Brazil) _xISSN 1516-3598 _g(Mar-Apr 2007), v. 36(2) p. 471-479 _wBR0703306 |
|
| 909 |
_a202311 _bLúcia _c55 _dLúcia Elande |
||
| 942 |
_2AGRIS _n0 _cANA |
||
| 999 |
_c189456 _d189456 |
||